Az ökoadók bemutatása és jelentőségük a magyar adórenszerben

Bibliográfiai részletek
Szerző: Balajti Brigitta
További közreműködők: Fellegi Dr. Miklós
Dokumentumtípus: Diplomadolgozat
Kulcsszavak:ökoadó
Svédország
zöldülő adórendszer
Online Access:http://dolgozattar.uni-bge.hu/17402

MARC

LEADER 00000nta a2200000 i 4500
001 dolg17402
005 20180517102312.0
008 180517suuuu hu om 000 hun d
040 |a BGE Dolgozattár Repozitórium  |b hun 
041 |a hu 
100 1 |a Balajti Brigitta 
245 1 3 |a Az ökoadók bemutatása és jelentőségük a magyar adórenszerben  |c Balajti Brigitta  |h [elektronikus dokumentum] 
246 1 1 |a Az ökoadók bemutatása és jelentőségük a magyar adórendszerben 
695 |a ökoadó 
695 |a Svédország 
695 |a zöldülő adórendszer 
700 1 |a Fellegi Dr. Miklós  |e ths 
856 4 0 |u http://dolgozattar.uni-bge.hu/17402/1/Balajti_Brigitta_szakdolgozat_vegleges.pdf  |z Dokumentum-elérés